MDQL
is popping MORE tags! Check the
thread
!
Quizzes
Events
Quiz Creation
Community
Videos
Private Events
Remove Ads
Sign In
Join for FREE
Feedback
Dark Mode
Quiz Categories
Sports
Geography
Music
Movies
Television
Just For Fun
Miscellaneous
History
Literature
Language
Science
Gaming
Entertainment
Religion
Holiday
For Kids
Quiz Lab
Recent
Popular Today
Quiz Kudos Today
Editor Picks
Curator Picks
Quizzes by...
Day
Popularity
Type
Ratings
Length
Year
Community
Subscriptions
Recent Discussions
Orange Saloon
Badges
Playlists
Quests
Create
Leaderboards
Showdown
Live 5
Trivia Bingo
Activity
Puzzle Library
Sporcle Events
Private Events
Virtual Trivia
Globe League
Become a Host
Pub Owners
SporcleCon
Opinionation
Our Games
Videos
Blog
Mobile Apps
Partnerships
Remove Ads and Go Orange
Feedback
Just For Fun
Clickable
Get the Picture
Humor
Quick Pick
Word Ladder
Missing Word
Mixed Word
Blitz
Minefield
This or That
Alphabet
Color
Typing
Sporcle
Puzzle
Word Play
Follow That Line
Logic
Just For Fun
Clickable
Get the Picture
Humor
Quick Pick
Word Ladder
Missing Word
Mixed Word
Blitz
Minefield
This or That
Alphabet
Color
Typing
Sporcle
Puzzle
Word Play
Follow That Line
Logic
Random Quiz
Search Sporcle
×
Quiz Lab
Quiz Lab
Just For Fun
Letter
Type in answers that appear in a list
Type in answers that appear in a list
Classic
Best Score? Go Orange.
Boys Names 1991: Letter A Stats
Can you name the Boys Names 1991: Letter A?
By
brigidrose91
10m
74 Questions
45 Plays
45 Plays
45 Plays
Comments
Comments
Give Quiz Kudos
Give Quiz Kudos
-
- Ratings
hide this ad
Replay
Link that replays current quiz
Next Quiz
Link to next quiz in quiz playlist
You Got
0%
They Got
Avg Score
48%
Avg Friend Score
Upgrade to see
Score Distribution
Jump to the score distribution portion of the page
Score
0/74
Timer
10:00
0
Plays Today
Ranking
Answer
% Correct
5
Andrew
95.6%
26
Alexander
95.6%
63
Alex
95.6%
140
Andre
95.6%
36
Adam
91.1%
18
Anthony
88.9%
128
Alan
88.9%
263
Andy
88.9%
31
Aaron
86.7%
212
Arthur
86.7%
393
Alfred
86.7%
154
Allen
84.4%
663
Anton
82.2%
79
Antonio
80%
190
Albert
80%
361
Ashton
77.8%
377
Allan
77.8%
244
Abraham
73.3%
494
Avery
71.1%
218
Alberto
68.9%
279
Alfredo
68.9%
849
Axel
68.9%
118
Alejandro
66.7%
123
Angel
66.7%
756
Ashley
64.4%
483
Ali
62.2%
601
Aron
62.2%
826
Ari
62.2%
327
Angelo
60%
354
Alvin
60%
370
Abel
60%
50
Austin
57.8%
93
Adrian
57.8%
200
Alec
57.8%
331
Alexis
57.8%
833
August
57.8%
564
Arnold
55.6%
Ranking
Answer
% Correct
796
Aidan
55.6%
797
Antony
53.3%
433
Antoine
42.2%
821
Anderson
42.2%
651
Addison
40%
737
Aubrey
40%
223
Armando
37.8%
475
Alonzo
37.8%
268
Arturo
35.6%
870
Augustus
35.6%
934
Andreas
33.3%
1000
Armand
33.3%
201
Andres
28.9%
682
Alton
28.9%
765
Amos
28.9%
918
Abram
26.7%
360
Ariel
24.4%
395
Alfonso
24.4%
534
Adan
24.4%
790
Asa
20%
789
Aldo
15.6%
843
Alonso
15.6%
935
Alexandre
15.6%
551
Antwan
13.3%
641
Amir
13.3%
671
Austen
13.3%
667
Adolfo
11.1%
731
Ahmed
8.9%
778
Antwon
8.9%
633
Agustin
6.7%
644
Arron
6.7%
951
Abdul
6.7%
482
Akeem
4.4%
543
Alvaro
4.4%
597
Ahmad
4.4%
723
Aric
4.4%
869
Alexandro
4.4%
Quiz Playlist
Details
Report
Send in Message
Add To Playlist
Classic:
Type in answers that appear in a list
Last Updated: Feb 16, 2017
Quiz Scoreboard
CHALLENGE
Sign Up to Join the Scoreboard
Show All
Scores
Hide
Comments
May contain spoilers
Recently Published
Street Fighter Characters
by Artimus82
Gaming
60s
9x9 Crossword: Cartoon Network
by jackfrog10
Miscellaneous
3m
College Basketball Coaching Resumes
by pancakes188
Sports
9m
More to Explore
Quiz From the Vault
Featured Blog Post
Where Did the Easter Bunny Come From?
hide this ad
You Might Also Like...
Tags
Letter Quiz
1991
Boy
Boys Names
Today's Top Quizzes in Just For Fun
Browse Just For Fun
hide this ad
Today's Top Quizzes in Letter
Browse Letter
Top Contributed Quizzes in Just For Fun
1
Name Just One - 10 to 1: Just For Fun
2
Killer Double Trees 224 - Colour Match-Up
3
Spring Typing Challenge
4
Crossword Whiteout! 49
5
Zeroing In: Just For Fun
6
Survivor Winners Logic Puzzle
7
Word Ladder: Wilderness Weapon
8
Word Ladder: Ahoy Matey
9
Kyle's 122nd Triple Trees
10
Harry Potter Logic - 'In Chains' II
Explore More
Trending Topics
Harry Potter
Anime
NBA
Kpop
Crossword
Disney
Marvel
Country
WWE
Soccer
The Office
Puzzle
NFL
Song
Pokémon
hide this ad
More By:
brigidrose91
Quiz
Plays
Rating
Category
Featured
Created
Names of the Bible: Girls
168
Just For Fun
Jan 9, 2016
Girls Names 1991: Letter S
167
4.00
Just For Fun
Mar 2, 2016
Girls Names 1991: Letter K
123
4.67
Just For Fun
Feb 10, 2016
Boys Names 1991: Letter R
108
4.00
Just For Fun
Mar 12, 2016
Girls Names 1991: Letter M
96
4.00
Just For Fun
Feb 10, 2016
Go to Creator's Profile
Score Distribution
Quiz Creator Spotlight
brigidrose91
Follow
Send a Message
Quizzes Created
-
Created Quiz Play Count
-
More By This Creator
Popular Quizzes Today
1
Find the US States - No Outlines Minefield
2
Find the Countries of Europe - No Outlines Minefield
3
The Countries of the World
4
Find the US States
5
Risky Map Clicking: Biggest States A-Z
6
US States
7
Popular People in 1961
8
Movies - When Are They Set?
More Just For Fun Quizzes
Missing Word: Formula 1 Race Winners of the 2000s
Published
Trending Quizzes
Risky Map Clicking: Least Populous States A-Z
1-10 Letter G Words
Risky Map Clicking: Next State Alphabetically
Adjectives in 80s TV Shows
The Seven Year Switch: Catherine
Recently Updated
Leaping Animals
pecheneg
Reality TV Shows (A-Z)
bhenderson79
Rickey Henderson's Hall of Fame Teammates
pecheneg
Champions League XIs: Arsenal
pecheneg
Quick Pick: Celebrities in WWE's Hall of Fame
aduchscher
A-Z Keypad Blitz II
pecheneg
Multiple Oscar Actors
pecheneg
Mystery Phrase Blitz: Oscar 'Best Actors'
pecheneg
F. Scott Fitzgerald Novels
LTH
Pick 3 Villains
ddd62291
Trending Topics
Kpop
NBA
Crossword
Marvel
Harry Potter
Anime
Disney
NFL
Soccer
Country
Pokémon
Song
The Office
Puzzle
WWE
Your Account Isn't Verified!
In order to create a playlist on Sporcle, you need to verify the email address you used during registration. Go to your
Sporcle Settings
to finish the process.
Report this User
Report this user for behavior that violates our
Community Guidelines
.
Details:
Send Report
Go to the Sporcle.com Mobile Site →
Comments